Célébrités nées en Bourgogne - Statistiques

Statistiques générales
  • Ce quiz a été pris 66 fois
  • Le résultat moyen est 5 sur 13
Statistiques - réponses
Par images Hint Réponse % Correct
Saône-et-Loire(Mâcon) Antoine Griezmann
98%
Côte-d'Or(Dijon) Denis Brogniart
62%
Côte-d'Or(Chenôve) Guillaume Meurice
45%
Côte-d'Or(Dijon) Simon Astier
43%
Côte-d'Or(Dijon) Gustave Eiffel (Bonickhausen)
40%
Yonne(Saint-Léger-de-Foucheret / Saint-Léger-Vauban) Sébastien Le Prestre de Vauban
38%
Yonne(Saint-Sauveur-en-Puisaye) Colette
29%
Côte-d'Or(Alise-Sainte-Reine) Félix Kir (Le chanoine Kir)
26%
Saône-et-Loire(Mâcon) Alphonse de Lamartine
24%
Saône-et-Loire(Le Creusot) Florent Bernard (FloBer)
24%
Côte-d'Or(Dijon) Yves Jamait
12%
Saône-et-Loire(Digoin) Alain Robert
7%
Nièvre(Decize) Louis Antoine Saint-Just (l'Archange de la Terreur)
7%
Aucun quiz correspondant
Distribution des résultats
% des personnes avec chaque résultat
Percentile par nombre de réponses
Votre historique - résultats
Vous n’avez pas pris ce quiz